Catálogo

Vista normal Vista MARC

Entrada Personal Name

Número de registros utilizados en: 1

001 - CONTROL NUMBER

  • control field: 17320

003 - CONTROL NUMBER IDENTIFIER

  • control field: DLC

005 - DATE AND TIME OF LATEST TRANSACTION

  • control field: 20250714103635.0

008 - FIXED-LENGTH DATA ELEMENTS

  • fixed length control field: 160208n| azannaabn |a aaa c

010 ## - LIBRARY OF CONGRESS CONTROL NUMBER

  • LC control number: ns2016000520

035 ## - SYSTEM CONTROL NUMBER

  • System control number: (CaEvSKY)skya10998042

040 ## - CATALOGING SOURCE

  • Original cataloging agency: MX-MxITA
  • Language of cataloging: spa
  • Description conventions: rda
  • Transcribing agency: Mx-PuUPA
  • Modifying agency: MX-MxCID
  • Modifying agency: DLC
  • Modifying agency: Mx-PuUPA

100 1# - HEADING--PERSONAL NAME

  • Personal name: Marván Laborde, María,

370 ## - ASSOCIATED PLACE

  • Associated country: México
  • Associated country: Estados Unidos
  • Source of term: naf

372 ## - FIELD OF ACTIVITY

  • Field of activity: Ciencias políticas
  • Field of activity: Socioloía
  • Source of term: lcsh

373 ## - ASSOCIATED GROUP

  • Associated group: Universidad Nacional Autónoma de México. Instituto de Investigaciones Jurídicas
  • Associated group: Universidad de Guadalajara
  • Associated group: Instituto Tecnológico Autónomo de México
  • Associated group: New School for Social Research (New York, N.Y. : 1919-1997)
  • Source of term: naf

374 ## - OCCUPATION

  • Occupation: Sociologista
  • Source of term: lcsh

374 ## - OCCUPATION

  • Occupation: Profesor

374 ## - OCCUPATION

  • Occupation: Autor

375 ## - GENDER

  • Gender: mujer

377 ## - ASSOCIATED LANGUAGE

  • Language code: spa

400 1# - SEE FROM TRACING--PERSONAL NAME

  • Personal name: Laborde, María Marván

400 1# - SEE FROM TRACING--PERSONAL NAME

  • Personal name: Marván, María
  • Fuller form of name: (Marván Laborde)

670 ## - SOURCE DATA FOUND

  • Source citation: La corrupción en México, 2015:
  • Information found: title page (María Marván Laborde) page 65 (coordinadora del área de Derecho Electoral, Instituto de Investigaciones Jurídicas de la UNAM)

670 ## - SOURCE DATA FOUND

  • Source citation: Wikipedia, vía WWW, October 12, 2016:
  • Information found: (María Marán Laborde, politóloga y socóloga mexicana, electa el 15 de diciembre de 2011 consejera del Instituto Federal Electoral, tras haber sido comisionada del Instituto Federal de Acceso a la Información y Protección de Datos desde 2002. Marván Laborde es licenciada en sociología por la Facultad de Ciencias Políticas y Sociales de la Universidad Nacional Autónoma de México, con estudios de maestría por la misma facultad, completo sus estudios de maestría en la The New School for Social Research en Nueva York y obtuvo su doctorado por la misma institución. Profesora e investigadora de la Universidad de Guadalajara, de la Facultad de Ciencias Políticas y Sociales de la UNAM y del ITAM.)
  • Uniform Resource Identifier: https://es.wikipedia.org/wiki/Mar%C3%ADa_Marv%C3%A1n_Laborde

670 ## - SOURCE DATA FOUND

  • Source citation: Elecciones y democracia, 2017:
  • Information found: t.p. (María Marván) p. facing t.p. (María Marván Laborde)